Normal view MARC view

Entry Nome pessoal

Number of records used in: 4

001 - NÚMERO DE CONTROLE

  • campo de controle: 324

003 - IDENTIFICADOR DO NÚMERO DE CONTROLE

  • campo de controle: Br

005 - DATA E HORÁRIO DA ÚLTIMA TRANSAÇÃO

  • campo de controle: 20250130095158.0

008 - CAMPO DE DADOS FIXOS

  • campo de controle de tamanho fixo: a a

035 ## - NÚMERO DE CONTROLE DO SISTEMA

  • Número de Controle do Sistema: 2002040110172650med

040 ## - FONTE DA CATALOGAÇÃO

  • Instituição da catalogação original: OSt

100 1# - CABEÇALHO--NOME PESSOAL

  • Nome pessoal: Cornwell, Bernard,
  • Datas associadas ao nome: 1944-

400 1# - REMISSIVA VER--NOME PESSOAL

  • Nome pessoal: Wiggins, Bernard
  • Datas associadas ao nome: 1944-

500 1# - VEJA TAMBÉM COM O RASTREAMENTO - NOME PESSOAL

  • Nome pessoal: Kells, Susannah,
  • Datas associadas ao nome: 1944-

670 ## - FONTE POSITIVA DOS DADOS

  • Citação da fonte positiva dos dados: Autor de: Terra em chamasa. 2010
  • Dados encontrados na fonte localizada no subcampo: (orelha: escritor britânico, nasceu em Londres)

670 ## - FONTE POSITIVA DOS DADOS

  • Citação da fonte positiva dos dados: http://catalogue.bl.uk 9/2/11

670 ## - FONTE POSITIVA DOS DADOS

  • Citação da fonte positiva dos dados: http://authorities.loc.gov
  • Dados encontrados na fonte localizada no subcampo: (d.n., rem., ref.)

670 ## - FONTE POSITIVA DOS DADOS

  • Citação da fonte positiva dos dados: http://en.wikipedia.org/wiki/Bernard_Cornwell
  • Dados encontrados na fonte localizada no subcampo: (d.n.)

Powered by Koha